[Event "ESP-ch"]
[Site "ESP"]
[Date "1989.??.??"]
[Round "8"]
[White "Romero Holmes, Alfonso"]
[Black "Fernandez Aguado, Enrique"]
[Result "1-0"]
[WhiteElo "2445"]
[BlackElo "2380"]

1.e4 c5 2.Nf3 d6 3.d4 cxd4 4.Nxd4 Nf6 5.Nc3 a6 6.Be3 e5 7.Nf3 Qc7 8.a4 h6
9.Be2 Be6 10.O-O Be7 11.a5 Qc6 12.Qd3 Nbd7 13.Nd2 O-O 14.Rfd1 Rac8 15.Ra4 Rfd8
16.Nc4 Nc5 17.Bxc5 dxc5 18.Qe3 Rxd1+ 19.Bxd1 Rd8 20.Be2 Qc7 21.Ra1 Rd4 22.b3 Nd7
23.Bd3 Bg5 24.Qg3 Bf4 25.Qf3 Nb8 26.g3 Bg5 27.Nd5 Bxd5 28.exd5 Qd8 29.d6 Nc6
30.c3 Rxd6 31.Nxd6 Qxd6 32.Be4 g6 33.h4 Be7 34.Rd1 Qc7 35.h5  1-0

[Event "FRA-chT"]
[Site "?"]
[Date "1989.??.??"]
[Round "?"]
[White "Renet, Olivier"]
[Black "Trommsdorf, Fro"]
[Result "1-0"]
[WhiteElo "2480"]
[BlackElo "2110"]

1.e4 c5 2.Nf3 d6 3.d4 cxd4 4.Nxd4 Nf6 5.Nc3 a6 6.Be3 e5 7.Nf3 Be7 8.Bc4 O-O
9.Qe2 Qc7 10.O-O Bg4 11.Bb3 Nc6 12.Rfd1 Rac8 13.h3 Bh5 14.g4 Bg6 15.Bg5 b5
16.Bxf6 Bxf6 17.Nd5 Qd8 18.c3 Bg5 19.Rd3 Na5 20.Rad1 Nb7 21.Nxg5 Qxg5 22.Qe3 Qh4
23.Qg3 Qd8 24.f3 Nc5 25.R3d2 a5 26.Bc2 f6 27.Ne3 Rc6 28.Bb3+ Nxb3 29.axb3 Bf7
30.Nf5 Bxb3 31.Rxd6 Rxd6 32.Rxd6 Qc7 33.g5 fxg5 34.Qxe5 b4 35.Qd4 Bf7  1-0

[Event "FRA-chT"]
[Site "?"]
[Date "1989.??.??"]
[Round "?"]
[White "Renet, Olivier"]
[Black "Richard, Alain"]
[Result "1-0"]
[WhiteElo "2480"]
[BlackElo "2220"]

1.e4 c5 2.Nf3 d6 3.d4 cxd4 4.Nxd4 Nf6 5.Nc3 a6 6.Be3 e5 7.Nf3 Qc7 8.a4 Be7
9.a5 Nbd7 10.Nd2 O-O 11.Nc4 Qc6 12.f3 Re8 13.Be2 Nf8 14.Nb6 Rb8 15.O-O Be6
16.Ncd5 Bd8 17.c4 N8d7 18.Nxd7 Qxd7 19.Qd2 Bxd5 20.cxd5 Rc8 21.b4 Nh5 22.b5 Nf4
23.bxa6 bxa6 24.Bxa6 Ra8 25.Bc4 Bc7 26.Rfb1 Reb8 27.a6 Qd8 28.a7 Rb6 29.Bb5 h5
30.Qc2 Kh7 31.Bc6 Rxa7 32.Rxa7 Ne2+ 33.Kf1  1-0

[Event "Frankfurt"]
[Site "Frankfurt"]
[Date "1989.??.??"]
[Round "5"]
[White "Gipslis, Aivars"]
[Black "Roeschlau, Bernd"]
[Result "1-0"]
[WhiteElo "2485"]
[BlackElo "2310"]

1.e4 c5 2.Nf3 d6 3.d4 cxd4 4.Nxd4 Nf6 5.Nc3 a6 6.Be3 e5 7.Nf3 Be7 8.Bc4 Be6
9.Bxe6 fxe6 10.Ng5 Qd7 11.Qf3 d5 12.exd5 exd5 13.O-O-O d4 14.Nce4 O-O 15.Bd2 Nxe4
16.Qb3+ Kh8 17.Nxe4 a5 18.f3 a4 19.Qd3 Qd5 20.Kb1 Nc6 21.Rc1 Rfd8 22.c4 Qe6
23.c5 Qg6 24.h4 Rf8 25.Bg5 a3 26.b3 h6 27.h5 Qe6 28.Bd2 Rf5 29.Rh3 Raf8 30.Qc4 Qd7
31.Qa4 Qd5 32.Qc4 Qd7 33.Re1 Qe8 34.Ng3 Bg5 35.Nxf5 Bxd2 36.Nd6 Qd7 37.Rd1 Bb4
38.Ne4 Rd8 39.Rg3 d3 40.Rg6 b5 41.cxb6 Rc8 42.Qxd3 Nd4 43.Rc1 Rxc1+ 44.Kxc1 Ne2+
45.Qxe2 Qd4 46.Kb1 Qg1+ 47.Kc2 Qa1 48.Qd1 Qxa2+ 49.Kd3 Qb2 50.b7  1-0

[Event "Arnold Cup"]
[Site "Gausdal"]
[Date "1989.??.??"]
[Round "?"]
[White "Carlier, Bruno"]
[Black "Jensen, Rene"]
[Result "1-0"]
[WhiteElo "2415"]
[BlackElo "2215"]

1.e4 c5 2.Nf3 d6 3.d4 cxd4 4.Nxd4 Nf6 5.Nc3 a6 6.Be3 e5 7.Nf3 h6 8.Bc4 Qc7
9.Qe2 Nc6 10.O-O b5 11.Nd5 Nxd5 12.Bxd5 Bd7 13.a4 Rb8 14.axb5 axb5 15.Nh4 Be7
16.Qh5 Bxh4 17.Qxh4 Qd8 18.Qg3 g5 19.h4 Rg8 20.f4 Ne7 21.fxe5 Nxd5 22.exd5  1-0

[Event "Dreszer op"]
[Site "Gdynia"]
[Date "1989.??.??"]
[Round "10"]
[White "Solozhenkin, Evgeniy"]
[Black "Piechocki, Franciszek"]
[Result "1-0"]
[WhiteElo "2405"]
[BlackElo "2255"]

1.e4 c5 2.Nf3 d6 3.d4 cxd4 4.Nxd4 Nf6 5.Nc3 a6 6.Be3 e5 7.Nf3 Be7 8.Bc4 O-O
9.Bg5 Nbd7 10.a4 b6 11.O-O Bb7 12.Re1 Rc8 13.Bxf6 Nxf6 14.Qd3 Ra8 15.Nd5 Nxd5
16.Bxd5 Bxd5 17.Qxd5 Qc7 18.Re2 Rac8 19.Rd1 Qc4 20.Qxc4 Rxc4 21.b3 Rc5 22.Ne1 Rc3
23.Nd3 Rfc8 24.Nb4 Kf8 25.Kf1 b5 26.axb5 axb5 27.Ra1 Bd8 28.Ra6 g6 29.Rd2 f5
30.exf5 gxf5 31.Rd5 Rb8 32.Rc6 Rxc6 33.Nxc6 Rc8 34.Rxd6 Be7 35.Re6 Ba3 36.b4 Kf7
37.Rd6 Bb2 38.Ke1 e4 39.Kd2 Bf6 40.Kd1 Ra8 41.Rd7+ Ke6 42.Ra7 Rc8 43.Ra6 Kd5
44.Na7 Rf8 45.Nxb5 Kc4 46.Nd6+ Kxb4 47.Nxf5 Bg5 48.g4 h5 49.h3 hxg4 50.hxg4 Rh8
51.Re6 Kc3 52.Rxe4 Rd8+ 53.Ke2 Rd2+ 54.Kf3 Rxc2 55.Re6 Kb4 56.Re4+ Kc5 57.Re5+ Kb6
58.Ne3  1-0

[Event "BL2-SW8889"]
[Site "Germany"]
[Date "1989.??.??"]
[Round "?"]
[White "Arnold, Lothar"]
[Black "Gutman, Lev"]
[Result "1-0"]
[WhiteElo "2275"]
[BlackElo "2535"]

1.e4 c5 2.Nf3 d6 3.d4 cxd4 4.Nxd4 Nf6 5.Nc3 a6 6.Be3 e6 7.a4 Be7 8.Be2 O-O
9.O-O Qc7 10.f4 Nbd7 11.Qe1 Nc5 12.Bf3 e5 13.fxe5 dxe5 14.Qg3 Qd6 15.Nde2 Be6
16.Rfd1 Qc7 17.Nd4 Rfc8 18.Nxe6 Nxe6 19.Bg4 Nxg4 20.Qxg4 Bc5 21.Bxc5 Qxc5+
22.Kh1 Rd8 23.Rd5 Rxd5 24.exd5 Nf4 25.Qf3 Rd8 26.Rf1 f6 27.Qe4 b5 28.axb5 axb5
29.g3 Ng6 30.Rd1 b4 31.Na2 Qf2 32.Nxb4 f5 33.Qg2 Qc5 34.Qd2 Rd6 35.c3 f4
36.Rf1 fxg3 37.hxg3 Qc4 38.Qd3 Qc8 39.Qf5 Qe8 40.Kg2 h5 41.Qe4 h4 42.c4 Qc8
43.Nc6 Qd7 44.Nxe5 Nxe5 45.Qxe5 Rg6 46.Rf3 Qb7 47.b3 Qa7 48.Qe3 Qa2+ 49.Qf2 Qb1
50.Qe2 hxg3 51.Rf1 Qxb3 52.Qe8+ Kh7 53.Rh1+ Rh6 54.Qe4+ Kh8 55.Rxh6+ gxh6
56.Qd4+ Kg8 57.d6 Qb7+ 58.Kxg3 Kf7 59.c5 Qb3+ 60.Kf4 Qa2 61.d7  1-0

[Event "BL2-S8889"]
[Site "Germany"]
[Date "1989.??.??"]
[Round "?"]
[White "Pieper, Thomas"]
[Black "Leitner, Maximilian"]
[Result "1-0"]
[WhiteElo "2250"]
[BlackElo "2245"]

1.e4 c5 2.Nf3 d6 3.d4 cxd4 4.Nxd4 Nf6 5.Nc3 a6 6.Be3 e6 7.Qd2 Be7 8.f3 b5
9.g4 Bb7 10.Bd3 Nc6 11.Nxc6 Bxc6 12.O-O-O Nd7 13.Bd4 Ne5 14.Rhf1 b4 15.Ne2 Nxd3+
16.Qxd3 e5 17.Be3 Bb5 18.Qd2 h5 19.gxh5 Rxh5 20.Ng3 Rh7 21.Rf2 Bd7 22.f4 Qa5
23.Kb1 Be6 24.b3 Qb5 25.f5 Bd7 26.Bg5 f6 27.Be3 a5 28.Ne2 Qb7 29.Ng3 Bc6
30.Qe2 Rh4 31.Re1 d5 32.exd5 Bxd5 33.Bg5 Rh7 34.Bc1 a4 35.Qg4 Bf7 36.Ne4 Rd8
37.Qf3 Qa8 38.Rd1 Rxd1 39.Nxf6+ gxf6 40.Qxa8+ Rd8 41.Qxa4+ Kf8 42.Bd2 Rh4
43.a3 Be8 44.Qa7 bxa3 45.Rg2 Bf7 46.Ka2 Bd5 47.Qf2 Rd4 48.Bh6+ Ke8 49.Rg7 Rc8
50.Be3 Rd1 51.Qe2 Bf3 52.Rxe7+ Kxe7 53.Qxf3 Rxc2+ 54.Kxa3 Rd7 55.Qg3 Rc6
56.h4 Rc3 57.Qg7+ Ke8 58.Qg8+ Ke7  1-0

[Event "Bundesliga 8889"]
[Site "Germany"]
[Date "1989.??.??"]
[Round "?"]
[White "Mueller, Karsten"]
[Black "Ostermeyer, Peter"]
[Result "0-1"]
[WhiteElo "2265"]
[BlackElo "2450"]

1.e4 c5 2.Nf3 d6 3.d4 Nf6 4.Nc3 cxd4 5.Nxd4 a6 6.Be3 e5 7.Nf3 Be7 8.a4 O-O
9.Be2 h6 10.O-O Be6 11.Nd2 Qc7 12.f4 exf4 13.Rxf4 Nbd7 14.Nf1 Ne5 15.Ng3 g6
16.Qd2 h5 17.h3 Nh7 18.Nf1 Rac8 19.Rf2 Bh4 20.g3 Be7 21.Kh2 Qd7 22.Bh6 Rfe8
23.h4 Nf6 24.Ne3 Rxc3 25.Qxc3 Nxe4 26.Qe1 Nxf2 27.Qxf2 Qc6 28.b3 d5 29.Rd1 Qc5
30.Qf4 Nc6 31.c4 d4 32.Nd5 Bxd5 33.cxd5 Bd6 34.Qf3 Ne7 35.Bd3 Qxd5 36.Be4 Qe5
37.Rf1 Nf5 38.Bf4 Qxe4 39.Bxd6 Qxf3 40.Rxf3 Nxd6  0-1

[Event "GermanyNord-Baden/Wuert"]
[Site "Germany"]
[Date "1989.??.??"]
[Round "2"]
[White "Arnold, Lothar"]
[Black "Joecks, Christian"]
[Result "1/2-1/2"]
[WhiteElo "2275"]
[BlackElo "2295"]

1.e4 c5 2.Nf3 d6 3.d4 cxd4 4.Nxd4 Nf6 5.Nc3 a6 6.Be3 e6 7.a4 Be7 8.Be2 O-O
9.O-O Qc7 10.f4 Nc6 11.Qe1 Nxd4 12.Bxd4 e5 13.Be3 exf4 14.Rxf4 Be6 15.Rd1 Nd7
16.Rf1 Ne5 17.Kh1 Rfe8 18.Qg3 Bf8 19.h3 Rac8 20.Rfe1 Qa5 21.Bd2 Qb6 22.Bc1 Qc5
23.Qe3 Qc7 24.Bf1 g6 25.Qd4 Nc6 26.Qf2 Bg7  1/2-1/2

[Event "Gothenburg"]
[Site "Gothenburg"]
[Date "1989.??.??"]
[Round "2"]
[White "Winsnes, Rikard"]
[Black "Svensson, Bengt"]
[Result "1/2-1/2"]
[WhiteElo "2355"]
[BlackElo "2375"]

1.e4 c5 2.Nf3 d6 3.d4 cxd4 4.Nxd4 Nf6 5.Nc3 a6 6.Be3 e6 7.Qd2 b5 8.f3 Nbd7
9.g4 Nb6 10.O-O-O Bb7 11.Qf2 Nfd7 12.Bd3 Rc8 13.Nce2 Qc7 14.Kb1 d5 15.e5 Nc4
16.f4 Bc5 17.Rhf1 Qb6 18.Qg3 b4 19.f5 Ncxe5 20.fxe6 fxe6 21.Qf4 Qd6 22.Qg5 Qe7
23.Qh5+ g6 24.Qh3 Nxd3 25.cxd3 e5 26.Nb3 Bxe3 27.Qxe3 d4 28.Qh6 Nf6 29.Nexd4 Nxg4
30.Qh3 h5 31.Rde1 Rd8 32.Ne2 Bd5 33.Nf4 Bf7 34.Qg2 O-O 35.h3  1/2-1/2

[Event "Gran Canaria op"]
[Site "Gran Canaria"]
[Date "1989.??.??"]
[Round "?"]
[White "Ramos, Steve L"]
[Black "Lopez, C."]
[Result "0-1"]
[WhiteElo "2260"]
[BlackElo "2275"]

1.e4 c5 2.Nf3 d6 3.d4 cxd4 4.Nxd4 Nf6 5.Nc3 a6 6.Be3 e5 7.Nb3 Be6 8.Be2 Be7
9.O-O d5 10.exd5 Nxd5 11.Nxd5 Bxd5 12.c4 Be6 13.Qxd8+ Bxd8 14.f4 exf4 15.Rxf4 Bf6
16.Bd4 Nd7 17.Nc5 Bxd4+ 18.Rxd4 Nxc5 19.b4 Nd7 20.Rad1 Nf6 21.a4 Ke7 22.b5 axb5
23.cxb5 Rhd8 24.Bf3 Bb3 25.Rxd8 Rxd8 26.Rxd8 Kxd8 27.a5 Kc7 28.Kf2 Bc4 29.b6+ Kc8
30.Ke3 Bd5 31.Be2 Bxg2 32.a6 bxa6 33.Bxa6+ Bb7 34.Bc4 Nd5+ 35.Kd4 Nxb6 36.Bxf7 Kd7
37.Ke5 Ke7 38.Bg8 Nd7+ 39.Kf5 h6 40.Kg6 Kf8 41.Be6 Nf6 42.h4 Be4+ 43.Bf5 Bxf5+
44.Kxf5 Kf7 45.Kf4 Kg6 46.Kg3 Kh5 47.Kh3 g5 48.hxg5 hxg5  0-1

[Event "Groningen"]
[Site "Groningen"]
[Date "1989.??.??"]
[Round "?"]
[White "Rogers, Ian"]
[Black "Brenninkmeijer, Joris"]
[Result "1/2-1/2"]
[WhiteElo "2470"]
[BlackElo "2445"]

1.e4 c5 2.Nf3 d6 3.d4 cxd4 4.Nxd4 Nf6 5.Nc3 a6 6.Be3 e6 7.g4 h6 8.Bg2 Nc6
9.h3 Bd7 10.Qe2 Rc8 11.f4 Qc7 12.Nxc6 Bxc6 13.O-O-O b5 14.a3 Be7 15.h4 h5
16.gxh5 Nxh5 17.Rh3 Nf6 18.f5 e5 19.h5 Qb7 20.Bg5 Nh7 21.Bxe7 Kxe7 22.h6 gxh6
23.Qd2 Qc7 24.Qxh6 Nf6 25.Qxh8 Rxh8 26.Rxh8 Qb7 27.Kb1 Nxe4 28.Bxe4 Bxe4
29.f6+ Kxf6 30.Rxd6+ Kg7 31.Re8 Bg6 32.Rxe5 Qh1+ 33.Rd1 Qh2 34.Re2 Qc7 35.Rdd2 Qc6
36.Rd5 Qb6 37.Rg5 Qf6 38.Rg1 Qb6 39.Reg2 Kf8 40.Nd5 Qd4 41.Nc3 Qc5  1/2-1/2

[Event "Groningen op"]
[Site "Groningen"]
[Date "1989.??.??"]
[Round "1"]
[White "Motwani, Paul"]
[Black "Kaminski, Marcin"]
[Result "1/2-1/2"]
[WhiteElo "2490"]
[BlackElo "2265"]

1.e4 c5 2.Nf3 d6 3.d4 cxd4 4.Nxd4 Nf6 5.Nc3 a6 6.Be3 e6 7.Be2 Be7 8.O-O O-O
9.f4 Qc7 10.Bf3 Nc6 11.Nxc6 bxc6 12.Na4 Nd7 13.c4 Bb7 14.Qc2 c5 15.Rad1 Rac8
16.b3 Rfe8 17.Rd3 Nb8 18.Qf2 Nc6 19.Rfd1 Rcd8 20.g3 Bf6 21.e5 dxe5 22.Nxc5 exf4
23.Bxf4 e5 24.Rxd8 Rxd8 25.Rxd8+ Nxd8 26.Be3 Bc8 27.Qd2 Nc6 28.Ne4 Be7 29.Nc3 Bf8
30.Nd5 Qd8 31.Bb6 Qd7 32.Bg2 f5 33.Be3 e4 34.g4 fxg4 35.Bxe4 Qe8 36.Nf6+ gxf6
37.Qd5+ Kg7 38.Qxc6 Qxc6 39.Bxc6 f5 40.Bd4+ Kf7 41.c5 Bg7 42.Bxg7 Kxg7 43.b4 Kf6
44.a4 Ke7 45.Kf2 Bd7 46.Bb7 Bxa4 47.Kg3 Bb5 48.Kf4 Bd3 49.Bc8 Kf6 50.Bd7 h5
51.Ba4 Ke6 52.Bb3+ Kd7 53.Kg5 Be2 54.Kxf5 h4 55.Ba4+ Kc7 56.Kf4 Kc8 57.Bc2 Kc7
58.Be4 Bd1 59.Kg5 Bf3 60.Kf4 Bxe4 61.Kxe4 Kc6 62.Kf4 g3 63.hxg3 hxg3 64.Kxg3 a5
65.bxa5  1/2-1/2

[Event "Groningen op"]
[Site "Groningen"]
[Date "1989.??.??"]
[Round "4"]
[White "Hoeksema, Hendrik Pieter"]
[Black "Stohl, Igor"]
[Result "1/2-1/2"]
[WhiteElo "2380"]
[BlackElo "2455"]

1.e4 c5 2.Nf3 d6 3.d4 cxd4 4.Nxd4 Nf6 5.Nc3 a6 6.Be3 e6 7.g4 h6 8.Bg2 Nc6
9.h3 Nxd4 10.Qxd4 e5 11.Qd2 Be6 12.f4 Be7 13.f5 Bd7 14.O-O-O Bc6  1/2-1/2

[Event "Groningen op"]
[Site "Groningen"]
[Date "1989.??.??"]
[Round "4"]
[White "Beulen, Marcel"]
[Black "Kaminski, Marcin"]
[Result "1/2-1/2"]
[WhiteElo "2225"]
[BlackElo "2265"]

1.e4 c5 2.Nf3 d6 3.d4 cxd4 4.Nxd4 Nf6 5.Nc3 a6 6.Be3 e5 7.Nf3 Be7 8.Bc4 O-O
9.O-O Nbd7 10.a4 b6 11.Qe2 Qc7 12.Rfd1 Bb7 13.Nd2 h6 14.f3 Rfd8 15.Ba2 Bf8
16.Nc4 Bc6 17.Bf2 b5 18.axb5 axb5 19.Ne3 Qb7 20.Ncd5 Rdc8 21.Nxf6+ Nxf6 22.Qd2 Rd8
23.Bb3 Rxa1 24.Rxa1 Ra8 25.Rd1 g6 26.h3 h5 27.c3 Rb8 28.Nc2 Bd7 29.Bh4 Kg7
30.Nb4 Be6 31.Qc2 Be7 32.Bf2 Re8 33.Nd5 Nxd5 34.Bxd5 Bxd5 35.Rxd5 f5 36.Rd1 fxe4
37.fxe4 Rf8 38.Be3 Qc6 39.Qd3 Qc4 40.Qxc4 bxc4 41.Ra1 Kf6 42.Ra4  1/2-1/2

[Event "Haninge"]
[Site "Haninge"]
[Date "1989.??.??"]
[Round "?"]
[White "Wedberg, Tom"]
[Black "Arnason, Jon L"]
[Result "1/2-1/2"]
[WhiteElo "2510"]
[BlackElo "2550"]

1.e4 c5 2.Nf3 d6 3.d4 cxd4 4.Nxd4 Nf6 5.Nc3 a6 6.Be3 e6 7.f3 b5 8.g4 Bb7
9.g5 Nfd7 10.Qd2 Qc7 11.O-O-O Ne5 12.a3 Nbd7 13.f4 Nc4 14.Bxc4 Qxc4 15.Rhe1 Rc8
16.Nb3 Qc7 17.Bd4 Nb6 18.h4 Nc4 19.Qd3 h5 20.Re2 Qd7 21.Qg3 a5 22.g6 b4 23.gxf7+ Kxf7
24.Rg1 Kg8 25.axb4 axb4 26.Nb1 Rh7 27.N1d2 Qb5 28.Nxc4 Qxc4 29.Qf3 Ba6 30.Rgg2 Qd3
31.Qxd3 Bxd3 32.Re1 Kf7 33.Rd2 Bc4 34.Na5 Bb5 35.Kb1 Be7 36.Bf2 Rb8 37.Nb3 Rhh8
38.Nd4 Bd7 39.e5 d5 40.f5 Rhc8 41.fxe6+ Bxe6 42.Be3 Bxh4 43.Rf1+ Ke7 44.Rg2 Bg4
45.Nf5+ Bxf5 46.Rxf5 g5 47.Bxg5+ Bxg5 48.Rgxg5 h4 49.Rg7+ Ke6 50.Rh5 Rg8
51.Rxg8 Rxg8 52.Rxh4 b3 53.cxb3  1/2-1/2

[Event "Helsinki"]
[Site "Helsinki"]
[Date "1989.??.??"]
[Round "10"]
[White "Ristoja, Thomas W"]
[Black "Nei, Iivo"]
[Result "1-0"]
[WhiteElo "2275"]
[BlackElo "2440"]

1.e4 c5 2.Nf3 d6 3.d4 cxd4 4.Nxd4 Nf6 5.Nc3 a6 6.Be3 e6 7.Qd2 Qc7 8.f3 Nbd7
9.g4 Ne5 10.O-O-O Be7 11.g5 Nfd7 12.f4 Nc4 13.Bxc4 Qxc4 14.f5 Ne5 15.f6 gxf6
16.gxf6 Bxf6 17.Rhf1 Be7 18.Bg5 Qb4 19.Qf4 Bxg5 20.Qxg5 Nc4 21.Nb3 Qb6 22.Rd4 Qc7
23.Qf6 Rf8 24.Rfd1 b5 25.e5 d5 26.Rxd5 Bb7 27.Rd7 Qxd7 28.Rxd7 Kxd7 29.Nc5+ Kc6
30.b4 Kb6 31.Nd7+ Kc6 32.Nxf8 Rxf8 33.Qg7 Rd8 34.a4 bxa4 35.Qxf7  1-0

[Event "HUN-ch"]
[Site "?"]
[Date "1989.??.??"]
[Round "?"]
[White "Anka, Emil"]
[Black "Orso, Miklos"]
[Result "1/2-1/2"]
[WhiteElo "2400"]
[BlackElo "2345"]

1.e4 c5 2.Nf3 d6 3.d4 cxd4 4.Nxd4 Nf6 5.Nc3 a6 6.Be3 e6 7.g4 b5 8.g5 b4 9.gxf6 bxc3
10.fxg7 Bxg7 11.bxc3 Qc7 12.Qd2 Bb7 13.Rg1 Bf6 14.Bd3 Nd7 15.Bg5 Ke7 16.Rg3 Rag8
17.Ne2 Bxg5 18.Rxg5 Nf6 19.Rxg8 Rxg8 20.Qe3 Ng4 21.Qg3 Qb6 22.Qh4+ Nf6 23.h3 h6
24.Kd2 a5 25.Rf1 Qc5 26.f4 Qh5 27.Qxh5 Nxh5 28.Rb1 Bc6 29.Rb6 Kd7 30.Nd4 Ba8
31.f5 Nf6 32.Ra6 Nxe4+ 33.Bxe4 Bxe4 34.Ra7+ Kc8 35.fxe6 fxe6 36.Nxe6 Rg2+
37.Ke3 Bb7 38.Rxa5 Rxc2 39.Kd4 Re2 40.Ng7 Rd2+ 41.Ke3 Rc2 42.Kd3 Rh2 43.Rh5 Rxa2
44.Nf5 Kc7 45.Ne3 Bf3 46.Rxh6 Be2+ 47.Kd4 Rd2+ 48.Ke4 Bd3+ 49.Kf3 Kc6 50.Ng4 Bb1
51.Nf2 Rd5 52.Rh4 Rc5 53.c4 Ba2 54.Ne4 Rxc4 55.Rh6 Rd4 56.Ke3 Rd5 57.h4 Bb1  1/2-1/2

[Event "HUN-ch"]
[Site "?"]
[Date "1989.??.??"]
[Round "?"]
[White "Szalanczy, Emil"]
[Black "Orso, Miklos"]
[Result "1-0"]
[WhiteElo "2400"]
[BlackElo "2345"]

1.e4 c5 2.Nf3 d6 3.d4 cxd4 4.Nxd4 Nf6 5.Nc3 a6 6.Be3 e6 7.g4 e5 8.Nf5 g6
9.Bg2 h5 10.h3 hxg4 11.hxg4 Rxh1+ 12.Bxh1 gxf5 13.exf5 d5 14.Nxd5 Nxd5 15.Bxd5 Qc7
16.Qd3 Nd7 17.O-O-O Nf6 18.Bg5 Bg7 19.f4 Bd7 20.Bxf6 Bxf6 21.g5 O-O-O 22.gxf6 Bc6
23.Qf3 Bxd5 24.Rxd5 Rxd5 25.Qxd5 exf4 26.Kd2 Kb8 27.c4 Qb6 28.Qe5+ Ka7 29.Ke2 Qg1
30.Qxf4 Qg2+ 31.Qf2+ Qxf2+ 32.Kxf2 Kb6 33.b4  1-0

[Event "HUN-ch"]
[Site "?"]
[Date "1989.??.??"]
[Round "?"]
[White "Feher, Gyula"]
[Black "Groszpeter, Attila"]
[Result "1-0"]
[WhiteElo "2410"]
[BlackElo "2500"]

1.e4 c5 2.Nf3 d6 3.d4 cxd4 4.Nxd4 Nf6 5.Nc3 a6 6.Be3 e5 7.Nf3 Qc7 8.a4 Be7
9.Bg5 Nbd7 10.Nd2 Rb8 11.Bc4 Nb6 12.Bxf6 Bxf6 13.Nd5 Nxd5 14.Bxd5 O-O 15.Nc4 b5
16.axb5 axb5 17.Na5 Bd7 18.c3 b4 19.c4 b3 20.O-O Rb4 21.Nxb3 Ba4 22.Qe1 Rfb8
23.Na5 Qxa5 24.b3 Bd8 25.Rxa4 Rxa4 26.bxa4 Qxa4 27.Qa1 Qxa1 28.Rxa1 Bb6 29.Ra8  1-0

[Event "Karvina op"]
[Site "Karvina"]
[Date "1989.??.??"]
[Round "5"]
[White "Rasik, Vitezslav"]
[Black "Chmiel, Pavel"]
[Result "1/2-1/2"]
[WhiteElo "2365"]
[BlackElo "2240"]

1.e4 c5 2.Nf3 d6 3.d4 cxd4 4.Nxd4 Nf6 5.Nc3 a6 6.Be3 e5 7.Nf3 Qc7 8.a4 Be6
9.a5 Nbd7 10.Ng5 Bc4 11.Bxc4 Qxc4 12.Qd3 Rc8 13.Qxc4 Rxc4 14.f3 h6 15.Nh3 d5
16.exd5 Bb4 17.O-O-O Bxc3 18.bxc3 Rxc3 19.Rhe1 O-O 20.f4 Rfc8 21.Re2 Ra3
22.fxe5 Ra1+ 23.Kd2 Rxd1+ 24.Kxd1 Nxd5 25.Bd2 Nc3+ 26.Bxc3 Rxc3 27.e6 fxe6
28.Nf4 e5 29.Nd3 Ra3 30.Nxe5 Ra1+ 31.Kd2 Rxa5 32.Nxd7 Rd5+ 33.Kc3 Rxd7 34.Re6 Kf7
35.Rb6 Ke7 36.g4 Kd8 37.h4 Kc7 38.Rg6 b6 39.Kb3 Kb7 40.c4 Re7 41.h5 a5 42.Ka4 Rc7
43.Kb3 Ka7 44.Re6 Ka6 45.Rg6 Kb7 46.Re6 a4+ 47.Kb4 a3 48.Kxa3 Rxc4 49.Rg6 Rc7
50.Kb4 Re7 51.g5 hxg5  1/2-1/2

[Event "Kecskemet"]
[Site "Kecskemet"]
[Date "1989.??.??"]
[Round "?"]
[White "Kaminski, Uwe"]
[Black "Ubilava, Elizbar"]
[Result "1-0"]
[WhiteElo "2405"]
[BlackElo "2525"]

1.e4 c5 2.Nf3 d6 3.d4 cxd4 4.Nxd4 Nf6 5.Nc3 a6 6.Be3 e5 7.Nf3 Qc7 8.a4 b6
9.Bg5 Nbd7 10.Nd2 h6 11.Bh4 g5 12.Bg3 Nc5 13.Bc4 Be6 14.Qe2 Be7 15.h4 Rg8
16.hxg5 hxg5 17.Rh6 Kf8 18.Bxe6 fxe6 19.O-O-O b5 20.Rdh1 bxa4 21.Nc4 Rc8
22.Qf3 Kf7 23.Rxf6+ Bxf6 24.Rh7+ Rg7 25.Rh6 Nd7 26.Ne3 a3 27.Qh5+ Kf8 28.Rh8+ Rg8
29.Qh6+ Bg7 30.Rxg8+ Kxg8 31.Qxe6+ Kf8 32.Ncd5 Nc5 33.Qf5+  1-0

[Event "URS-sf Ukraine-ch"]
[Site "Kherson"]
[Date "1989.??.??"]
[Round "?"]
[White "Moroz, Alexander"]
[Black "Gurevich, Vladimir"]
[Result "0-1"]
[WhiteElo "2380"]
[BlackElo "2395"]

1.e4 c5 2.Nf3 d6 3.d4 cxd4 4.Nxd4 Nf6 5.Nc3 a6 6.Be3 e6 7.Be2 Qc7 8.a4 b6
9.f4 Bb7 10.Bf3 Nbd7 11.O-O Rc8 12.Qe1 e5 13.Nf5 h6 14.fxe5 dxe5 15.Nd5 Qc6
16.Nxf6+ Qxf6 17.Bh5 g6 18.Nxh6 Qc6 19.Qf2 gxh5 20.Nxf7 Rg8 21.Ng5 Qg6 22.Rad1 Be7
23.Qd2 Rd8 24.Nf7 Qxe4 25.Rf2 Rxg2+ 26.Rxg2 Kxf7 27.Bxb6 Nxb6 28.Rf1+ Ke6
29.Qh6+ Kd7 30.Rg7 Qd4+ 31.Rf2 Re8 32.Qxh5 Nd5 33.c3 Qc5 34.Qg4+ Kd8 35.Qe6 Nf4
36.Qf5 Qd5  0-1

[Event "Leningrad2"]
[Site "Leningrad"]
[Date "1989.??.??"]
[Round "?"]
[White "Horvath, Csaba"]
[Black "Zaichik, Gennadi"]
[Result "1/2-1/2"]
[WhiteElo "2470"]
[BlackElo "2500"]

1.e4 c5 2.Nf3 d6 3.d4 cxd4 4.Nxd4 Nf6 5.Nc3 a6 6.Be3 e5 7.Nf3 Qc7 8.a4 Be7
9.a5 Nbd7 10.Nd2 b5 11.axb6 Nxb6 12.Bxb6 Qxb6 13.Bb5+ Kf8 14.O-O Bb7 15.Bd3 Qxb2
16.Rb1 Qxc3 17.Rxb7 Qc8 18.Qb1 Nd7 19.Bc4 g6 20.Bd5 Rb8 21.Rxb8 Qxb8 22.Qa2 Qb4
23.Qxa6 Kg7 24.Qa7 Rd8 25.Nb3 Nf6 26.Na5 Rd7 27.Qa8 Qc5 28.Nc6 Qxc2 29.Qc8 Bd8
30.Qa6 Bc7 31.Qb5 Qc5 32.Rb1 Qxb5 33.Rxb5 Bd8 34.f3 Nxd5 35.Rxd5 Bb6+ 36.Kf1 Kf6
37.Nxe5 Rd8 38.Nc4 Bc5 39.Ke2 Ke6 40.g4 Ra8 41.Ne3 Ra4 42.Rd2 Ra3  1/2-1/2

[Event "Lodz"]
[Site "Lodz"]
[Date "1989.??.??"]
[Round "7"]
[White "Petkovski, Vlatko"]
[Black "Womacka, Mathias"]
[Result "1/2-1/2"]
[WhiteElo "2330"]
[BlackElo "2370"]

1.e4 c5 2.Nf3 d6 3.d4 cxd4 4.Nxd4 Nf6 5.Nc3 a6 6.Be3 e5 7.Nf3 Be7 8.Bc4 Be6
9.Bxe6 fxe6 10.Ng5 Qd7 11.Qf3 d5 12.exd5 exd5 13.O-O-O d4 14.Nce4 O-O  1/2-1/2

[Event "Lugano op"]
[Site "Lugano"]
[Date "1989.??.??"]
[Round "4"]
[White "Ernst, Thomas"]
[Black "Danner, Georg"]
[Result "1-0"]
[WhiteElo "2460"]
[BlackElo "2400"]

1.e4 c5 2.Nf3 d6 3.d4 cxd4 4.Nxd4 Nf6 5.Nc3 a6 6.Be3 e5 7.Nf3 Qc7 8.a4 h6
9.a5 Be7 10.Be2 O-O 11.O-O Be6 12.Nd5 Nxd5 13.exd5 Bf5 14.c4 Nd7 15.b4 Bh7
16.Nd2 f5 17.f3 Bg5 18.Qb3 Bxe3+ 19.Qxe3 Rfb8 20.Rfc1 b6 21.axb6 Rxb6 22.c5 Rxb4
23.cxd6 Qxd6 24.Rc6 Qf8 25.Raxa6 f4 26.Qc3 Rbb8 27.Rc7 Rxa6 28.Bxa6 Rd8 29.Bc8 Nf6
30.Be6+ Kh8 31.Nc4 Nxd5 32.Bxd5 Rxd5 33.Nxe5 Qf6 34.Nf7+ Kg8 35.Nxh6+ Qxh6
36.Rc8+ Kf7 37.Qc7+ Kf6 38.Rf8+ Ke6 39.Re8+ Kf6 40.Qe7+ Kg6 41.Qe6+ Kg5 42.Qxd5+ Bf5
43.Qd8+ Kh5 44.Rh8 Bh7 45.h4  1-0

[Event "Mendrisio op"]
[Site "Mendrisio"]
[Date "1989.??.??"]
[Round "3"]
[White "Gallagher, Joseph G"]
[Black "Kamber, Bruno"]
[Result "0-1"]
[WhiteElo "2445"]
[BlackElo "2260"]

1.e4 c5 2.Nf3 d6 3.d4 Nf6 4.Nc3 cxd4 5.Nxd4 a6 6.Be3 Qc7 7.Be2 e6 8.g4 b5
9.g5 Nfd7 10.f4 b4 11.Na4 Bb7 12.Bf3 Nc6 13.Ne2 Na5 14.b3 Bc6 15.Nb2 Qb7
16.Ng3 g6 17.O-O Bg7 18.Rb1 O-O 19.Qxd6 Rfd8 20.Nd3 Bc3 21.Rbd1 Rac8 22.Ne5 Bb5
23.Ng4 Bxf1 24.Nh6+ Kg7 25.Qe7 Nf8 26.Qxd8 Rxd8 27.Rxd8 Nc6 28.e5  0-1

[Event "Moscow1"]
[Site "Moscow"]
[Date "1989.??.??"]
[Round "?"]
[White "Zaitsev, Igor A"]
[Black "Neverov, Valeriy"]
[Result "0-1"]
[WhiteElo "2390"]
[BlackElo "2430"]

1.e4 c5 2.Nf3 d6 3.d4 cxd4 4.Nxd4 Nf6 5.Nc3 a6 6.Be3 e5 7.Nf3 Be7 8.Bc4 O-O
9.O-O Be6 10.Qe2 Bxc4 11.Qxc4 b5 12.Qd3 Nbd7 13.Rad1 b4 14.Nd5 Nxd5 15.Qxd5 Qc7
16.Rfe1 Nf6 17.Qd3 Rfc8 18.Rd2 Qa5 19.Bg5 Qxa2 20.Bxf6 Bxf6 21.b3 a5 22.c4 Qa3
23.Rb1 a4 24.Rdb2 d5 25.cxd5 Qxb2 26.Rxb2 Rc1+ 27.Qf1 Rxf1+ 28.Kxf1 a3 29.Ra2 Rc8
30.Ne1 Be7 31.Nc2 Rc3 32.Na1 Rc1+ 33.Ke2 Rb1 34.Rc2 f6 35.Rc7 Kf8 36.Nc2 Rxb3
37.Ne3 a2 38.Ra7 Ra3 39.Rxa3 bxa3 40.Nc2 Bc5  0-1

[Event "Moscow2"]
[Site "Moscow"]
[Date "1989.??.??"]
[Round "?"]
[White "Nikolenko, Oleg"]
[Black "Lepeshkin, Vladimir"]
[Result "1-0"]
[WhiteElo "2405"]
[BlackElo "2350"]

1.e4 c5 2.Nf3 d6 3.d4 cxd4 4.Nxd4 Nf6 5.Nc3 a6 6.Be3 e6 7.g4 e5 8.Nf5 g6
9.Bg2 gxf5 10.exf5 Rg8 11.h3 Nc6 12.Qe2 Ne7 13.f4 Qc7 14.O-O-O Bd7 15.Qf2 Bc6
16.Bb6 Qb8 17.fxe5 dxe5 18.Rhe1 Nd7 19.Bxc6 bxc6 20.Ba5 f6 21.Qh4 Qb7 22.Qxh7 Rg7
23.Ne4 Nd5 24.Qxg7 Qxb2+ 25.Kxb2 Bxg7 26.Rd3 N7b6 27.Bxb6 Nxb6 28.Rb3  1-0

[Event "Moscow-A"]
[Site "Moscow"]
[Date "1989.??.??"]
[Round "?"]
[White "Kotronias, Vasilios"]
[Black "Gruenberg, Hans Ulrich"]
[Result "1-0"]
[WhiteElo "2505"]
[BlackElo "2475"]

1.e4 c5 2.Nf3 d6 3.d4 cxd4 4.Nxd4 Nf6 5.Nc3 a6 6.Be3 e6 7.g4 h6 8.Qf3 Nc6
9.Rg1 Nxd4 10.Bxd4 e5 11.Be3 Be6 12.O-O-O Be7 13.h4 Qd7 14.Be2 Rc8 15.g5 Nh7
16.Nd5 Qa4 17.Kb1 Rxc2 18.Bd3 Rc6 19.b3 Qa3 20.Bc1 Qa5 21.Bd2 Qd8 22.gxh6 g6
23.h5 g5 24.Ne3 Qd7 25.Bc4 Bxc4 26.Nxc4 Qe6 27.Ne3 O-O 28.Nf5 Rfc8 29.Bb4 Rb6
30.Ba3 a5 31.Rd5 a4 32.Qe3 Rbc6 33.Bb2 axb3 34.Qxb3 R8c7 35.Ra5 Bf8 36.Ra8 Rc4
37.f3 d5 38.Ne3 dxe4 39.Nxc4 Rxc4 40.Ba3 f6 41.Qxb7 Qf7 42.Qxf7+ Kxf7 43.Ra7+ Ke6
44.Bxf8 Nxf8 45.fxe4  1-0